Southville International School and Colleges
Your cart is empty.
  • Cart
  • Lists
    Public lists Eva Luna New books Lux_list list_1
    Your lists Log in to create your own lists
  • Log in to your account
  • Your cookies
  • Search history
Southville International School and Colleges
  • Advanced search
  • Recent comments
  • Most popular
  • Libraries

Log in to your account

Log in with GOOGLE


If you do not have an external account, but do have a local account, you can still log in:

  1. Home
  2. MARC view: Management /
Normal view MARC view ISBD view

Management / (Record no. 344536)

[ view plain ]
MARC details
000 -LEADER
fixed length control field 00684nam a2200265Ia 4500
008 - FIXED-LENGTH DATA ELEMENTS--GENERAL INFORMATION
fixed length control field 171025s9999 xx 000 0 und d
020 ## - INTERNATIONAL STANDARD BOOK NUMBER
International Standard Book Number 9814024937
050 ## - LIBRARY OF CONGRESS CALL NUMBER
Classification number 650
050 ## - LIBRARY OF CONGRESS CALL NUMBER
Item number S881 1995
100 ## - MAIN ENTRY--PERSONAL NAME
Personal name Stoner, James
245 ## - TITLE STATEMENT
Title Management /
245 ## - TITLE STATEMENT
Statement of responsibility, etc by James Arthur Finch Stoner, Edward Freeman and Daniel R. Gilbert Jr.
250 ## - EDITION STATEMENT
Edition statement Sixth edition.
260 ## - PUBLICATION, DISTRIBUTION, ETC. (IMPRINT)
Place of publication, distribution, etc New Jersey :
260 ## - PUBLICATION, DISTRIBUTION, ETC. (IMPRINT)
Name of publisher, distributor, etc Prentice Hall,
260 ## - PUBLICATION, DISTRIBUTION, ETC. (IMPRINT)
Date of publication, distribution, etc 1995
300 ## - PHYSICAL DESCRIPTION
Extent xxv, 630 pages :
300 ## - PHYSICAL DESCRIPTION
Other physical details illustrations ;
300 ## - PHYSICAL DESCRIPTION
Dimensions 25cm.
500 ## - GENERAL NOTE
General note Includes index.
650 ## - SUBJECT ADDED ENTRY--TOPICAL TERM
Topical term or geographic name as entry element Management.
700 ## - ADDED ENTRY--PERSONAL NAME
Personal name Freeman, Edward.
700 ## - ADDED ENTRY--PERSONAL NAME
Personal name Gilbert, Daniel R., Jr.
700 ## - ADDED ENTRY--PERSONAL NAME
Personal name Title.
Holdings
Withdrawn status Lost status Damaged status Home library Current library Date acquired Total Checkouts Full call number Barcode Date last seen Price effective from Koha item type
      Stonyhurst Southville International School (Malarayat) Stonyhurst Southville International School (Malarayat) 10/25/2017   SHS 650 S881 1995 SSISM3589 10/25/2017 10/25/2017 Books

Management /

APA

Stoner J., Freeman E., Gilbert D. R. J. & Title.Management. New Jersey: .

Chicago

Stoner James, Freeman Edward, Gilbert Daniel R Jr and Title.Management. New Jersey: .

Harvard

Stoner J., Freeman E., Gilbert D. R. J. and Title.Management. New Jersey: .

MLA

Stoner James, Freeman Edward, Gilbert Daniel R Jr and Title.New Jersey: . .

  • Place hold
  • Print
  • Cite
  • Add to your cart (remove)
  • Save record
    BIBTEX Dublin Core MARCXML MARC (non-Unicode/MARC-8) MARC (Unicode/UTF-8) MARC (Unicode/UTF-8, Standard) MODS (XML) RIS
  • More searches
    Search for this title in:
    Other Libraries (WorldCat) Other Databases (Google Scholar) Online Stores (Bookfinder.com) Open Library (openlibrary.org)

Exporting to Dublin Core...

SOUTHVILLE LIBRARY

Southville International School and Colleges Library

1281 Tropical Ave. Cor. Luxembourg St., BF Homes International, Las Pinas City

Tel. No. 8256374 / 252358 Loc. 117/146

Powered by Koha